000
00527nam a2200133Ia 4500
008
151213s9999 xx 000 0 und d
100
_a
সৈয়দ সাজ্জাদ হোসেন
245
_a
ইংরেজী সাহিত্যেও ইতিহাস
_c
সৈয়দ সাজ্জাদ হোসেন
260
_a
ঢাকা
_b
বাংলা একাডেমী
_c
1984
300
_a
7320 p.
650
_a
Bangla
700
_a
সৈয়দ সাজ্জাদ হোসেন
999
_c
3890
_d
3890